DNA and Cell Division - Statistics

General Stats
  • This quiz has been taken 69 times
  • The average score is 16 of 44
Answer Stats
Hint Answer % Correct
Which base starts with T Thymine
93%
Which base starts with G Guanine
88%
Which base starts with A Adenine
82%
What is the shape of DNA Double helix
79%
Which base starts with C Cytosine
74%
How many stages are there in mitosis 4
70%
How many cells are produced during meiosis 4
70%
Which base does Thymine swap with in RNA Uracil
70%
What does DNA stand for Deoxyribonucleic acid
67%
How many cells are produced during mitosis 2
60%
What does the m in mRNA stand for Messenger
58%
What is a group of phosphate, sugar and a base called Nucleotide
56%
Where does transcription occur Nucleus
56%
How many stages in meiosis 8
53%
What is the third Anaphase
49%
Where does translation occur Cytoplasm
47%
What is the second Metaphase
47%
How many different types of stem cells are there 3
46%
What does the t in tRNA stand for Transfer
46%
What is the first stage of cell division Prophase
42%
What is the fourth Telophase
39%
How many chromosomes are in a sperm/egg cell 23
37%
How many chromosomes are in a normal cell 46
37%
What are G1, S, and G2 part of Interphase
35%
What does the r in rRNA stand for Ribosomal
33%
What occurs when cell division is uncontrolled Cancer
28%
Which cells undergo meiosis Gametes
25%
What are the 4 bases called Nitrogenous bases
21%
What occurs during prophase 1 that creates unique cells Crossing over
18%
What are cells produced by cell division called Daughter cells
18%
Which cells undergo mitosis Somatic
18%
____ fibers come from the centrioles to pull chromosomes to different sides of the cell Spindle
18%
Which type of stem cells are found in the embryo and cord blood Pluripotent
9%
What is a common carcinogen Cigarettes, Asbestos, Chemicals, UV radiation, Alcohol, and Ionizing Radiation
7%
Stems cells are _________, multipotent and pluripotent Totipotent
7%
What is G1 phase First Growth Phase
5%
Which are the only stem cells to exist in adult humans Multipotent
5%
What are the two types of DNA Nuclear and Mitochondrial
5%
What is G2 phase Second growth phase
5%
What is S phase Synthesis phase
5%
What is the most common type of cancer in Australia Bowel Cancer
4%
What occurs after mitosis/meiosis Cytokensis
4%
What is the common name for trisomy 21 Downs Syndrome
4%
There are three different types of mistakes, crossing over, random assortment and _____? Non-disjunction
4%
No matching quizzes found
Score Distribution
Percent of People with Each Score
Percentile by Number Answered
Your Score History
You have not taken this quiz